000 00712nam a2200289Ia 4500
005 20260324121219.0
008 008 260324s9999 xx 000 0 eng d
020 _a9781315777382
037 _aEBOOK
040 _aCRL
040 _beng
040 _cCRL
041 _2eng
041 _aeng
084 _qCRL
100 _aFenice B. Boyd; Cynthia H. Brock
_91161640
245 0 _aSocial Diversity within Multiliteracies
245 0 _bComplexity in Teaching and Learning
260 _bTaylor and Francis
260 _c2014
365 _a
365 _b255
856 _uhttp://www.taylorfrancis.com/books/9781315777382
942 _cEBOOK
999 _c1753598
_d1753598